000 00630nam a2200265Ia 4500
005 20260121165611.0
008 008 260114s9999 xx 000 0 eng d
020 _a9789811007910
037 _aEBOOK
040 _aCRL
040 _beng
040 _cCRL
041 _2eng
041 _aeng
084 _qCRL
100 _aCostas Demetzos
_91053736
245 0 _aPharmaceutical Nanotechnology
260 _bSpringer
260 _bSpringer
260 _c2016
856 _uhttps://link.springer.com/openurl?genre=book&isbn=978-981-10-0791-0
942 _cEBOOK
999 _c1619462
_d1619462